<?xml version="1.0" encoding="UTF-8"?>
<record
    xmlns:xsi="http://www.w3.org/2001/XMLSchema-instance"
    xsi:schemaLocation="http://www.loc.gov/MARC21/slim http://www.loc.gov/standards/marcxml/schema/MARC21slim.xsd"
    xmlns="http://www.loc.gov/MARC21/slim">

  <leader>00977nam a2200313   4500</leader>
  <controlfield tag="001">74435</controlfield>
  <controlfield tag="005">20260408110258.0</controlfield>
  <datafield tag="010" ind1=" " ind2=" ">
    <subfield code="a">9789895835614</subfield>
  </datafield>
  <datafield tag="021" ind1=" " ind2=" ">
    <subfield code="a">PT</subfield>
    <subfield code="b">543104/25</subfield>
  </datafield>
  <datafield tag="090" ind1=" " ind2=" ">
    <subfield code="a">74435</subfield>
  </datafield>
  <datafield tag="100" ind1=" " ind2=" ">
    <subfield code="a">20250314d2025    m  y0pory50030103ba</subfield>
  </datafield>
  <datafield tag="101" ind1="1" ind2=" ">
    <subfield code="a">por</subfield>
    <subfield code="c">spa</subfield>
  </datafield>
  <datafield tag="102" ind1=" " ind2=" ">
    <subfield code="a">PT</subfield>
  </datafield>
  <datafield tag="105" ind1=" " ind2=" ">
    <subfield code="a">y   z   000yy</subfield>
  </datafield>
  <datafield tag="106" ind1=" " ind2=" ">
    <subfield code="a">r</subfield>
  </datafield>
  <datafield tag="200" ind1="1" ind2=" ">
    <subfield code="a">Estive aqui e lembrei-me de n&#xF3;s</subfield>
    <subfield code="e">uma hist&#xF3;ria sobre turismo, trabalho e classe</subfield>
    <subfield code="f">Anna Pacheco</subfield>
    <subfield code="g">trad. Rita Cust&#xF3;dio, &#xC0;lex Tarradellas</subfield>
  </datafield>
  <datafield tag="210" ind1=" " ind2="9">
    <subfield code="a">Lisboa</subfield>
    <subfield code="c">Objectiva</subfield>
    <subfield code="d">2025</subfield>
  </datafield>
  <datafield tag="215" ind1=" " ind2=" ">
    <subfield code="a">125 p.</subfield>
  </datafield>
  <datafield tag="225" ind1="2" ind2=" ">
    <subfield code="a">Objetivamente</subfield>
    <subfield code="v">2</subfield>
  </datafield>
  <datafield tag="304" ind1=" " ind2=" ">
    <subfield code="a">T&#xED;t. orig.: Estuve aqu&#xED; y me acord&#xE9; de nosotros</subfield>
  </datafield>
  <datafield tag="675" ind1=" " ind2=" ">
    <subfield code="a">316.7"20":070</subfield>
    <subfield code="v">BN</subfield>
    <subfield code="z">por</subfield>
  </datafield>
  <datafield tag="675" ind1=" " ind2=" ">
    <subfield code="a">338.48"20":070</subfield>
    <subfield code="v">BN</subfield>
    <subfield code="z">por</subfield>
  </datafield>
  <datafield tag="675" ind1=" " ind2=" ">
    <subfield code="a">640.41/.42"20":070</subfield>
    <subfield code="v">BN</subfield>
    <subfield code="z">por</subfield>
  </datafield>
  <datafield tag="675" ind1=" " ind2=" ">
    <subfield code="a">331.1/.4"20":070</subfield>
    <subfield code="v">BN</subfield>
    <subfield code="z">por</subfield>
  </datafield>
  <datafield tag="700" ind1=" " ind2=" ">
    <subfield code="a">Pacheco</subfield>
    <subfield code="b">Anna</subfield>
    <subfield code="f">1991-</subfield>
    <subfield code="9">54361</subfield>
  </datafield>
  <datafield tag="702" ind1=" " ind2="1">
    <subfield code="a">Cust&#xF3;dio</subfield>
    <subfield code="b">Rita</subfield>
    <subfield code="f">1980-</subfield>
    <subfield code="4">730</subfield>
    <subfield code="9">51809</subfield>
  </datafield>
  <datafield tag="702" ind1=" " ind2="1">
    <subfield code="a">Tarradellas</subfield>
    <subfield code="b">&#xC0;lex</subfield>
    <subfield code="f">1982-</subfield>
    <subfield code="4">730</subfield>
    <subfield code="9">51810</subfield>
  </datafield>
  <datafield tag="801" ind1=" " ind2="0">
    <subfield code="a">PT</subfield>
    <subfield code="b">BN</subfield>
    <subfield code="g">RPC</subfield>
  </datafield>
  <datafield tag="942" ind1=" " ind2=" ">
    <subfield code="c">MON</subfield>
  </datafield>
  <datafield tag="995" ind1=" " ind2=" ">
    <subfield code="0">0</subfield>
    <subfield code="2">0</subfield>
    <subfield code="5">2026-01-09</subfield>
    <subfield code="9">122487</subfield>
    <subfield code="b">BMTAV</subfield>
    <subfield code="c">BMTAV</subfield>
    <subfield code="f">BMTAV72998</subfield>
    <subfield code="g">SA</subfield>
    <subfield code="j">72998</subfield>
    <subfield code="k">FB9 PAC</subfield>
    <subfield code="m">2026-05-02</subfield>
    <subfield code="o">0</subfield>
    <subfield code="p">13.45</subfield>
    <subfield code="r">MON</subfield>
  </datafield>
</record>
